Statistiken für Länder, die Saudi-Arabien am meisten besuchen

Klicken Sie hier um das Quiz zu spielen!

Allgemein

  • Dieses Quiz wurde 97 mal gespielt
  • Das Durchschnittsergebnis liegt bei 7 aus 10

Antwortstatistiken

BesucherLand% Korrekt
999,683Irak
91%
1,800,431Indien
87%
2,426,711Jemen
86%
1,162,955Ägypten
80%
801,000Jordanien
77%
784,502Syrien
76%
2,878,674Pakistan
74%
2,555,000Indonesien
55%
3,006,729Bangladesch
46%
500,318Sudan
34%

Verteilung der Resultate

Perzentil nach korrekt beantworteten Fragen

Anzahl Personen mit jedem Resultat

Ihre Resultats-Entwicklung

Sie haben dieses Quiz noch nicht gespielt